00257nam a2200109Ia 4500008004100000082001600041100002200057245002700079260002500106300000800131650000800139191201s2008 xx 000 0 und d a658.32bSIC aSingh, Soni Shyam 0aCompensation Managment a-bExcel Booksc2008 a270 aMBA